=LDR 00000nam 2200000 4500 =001 INLIS000000000045236 =005 20150109095856.0 =006 =007 =008 =035 ##$$0010-011500000000062 =082 ##$$a f rom k =090 ##$$a f rom k $b her s =100 ##$$a gail herman $t silversmist dan kutukan kepik =245 ##$$a silvermist dan kutukan kepik =260 ##$$a Jakarta $b PT Gramedia Utama $c 2009 =300 ##$$a 111 hlm $b ilus $c 23 cm =850 ##$$a NBPMAT =990 ##$$a 0001/BPAP-NTB/20142015